000 00483nam a2200169Ia 4500
003 LDD
008 190117s9999 xx 000 0 und d
020 _c₹30
040 _cLDD
041 _ahi
082 _a8H3.7 शु 1166 हि
100 _aशुक्ल,ध्रुव
245 0 _aहिचकी
_cध्रुव शुक्ल
260 _aनई दिल्ली
_bप्रवीण प्रकाशन
_c1990
300 _a92प्र.
942 _2ddc
_cH
999 _c172003
_d172003